000 00355nam a2200157Ia 4500
008 170203s9999 xx 000 0 und d
020 _a394834550
050 _aFic
050 _b.D923I 1977
100 _aDunn, Judy
245 4 _aThe Little Lamb /
260 _aU.S.A :
260 _bRamdon House, Inc.
260 _c1977
300 _bcol. ill. ;
999 _c306054
_d306054